Statistics for 2018 FIFA World Cup Countries that didn't qualify but their Domestic Leagues did

Click here to take the quiz!

General Stats

  • This quiz has been taken 405 times
    (362 since last reset)
  • The average score is 14 of 23

Answer Stats

CountriesNo of Players% Correct
Italy58
96%
United States18
87%
Netherlands15
85%
China8
83%
Chile2
79%
Scotland7
75%
Norway1
74%
Canada1
72%
Greece5
71%
Turkey22
71%
Ukraine3
71%
Austria2
69%
Finland1
63%
Wales6
59%
South Africa1
58%
Slovakia1
55%
Romania1
52%
Qatar2
48%
Bulgaria2
47%
United Arab Emirates2
43%
Israel2
38%
Guatemala2
14%
Guinea1
12%

Score Distribution

Percentile by Number Answered

Percent of People with Each Score

Your Score History

You have not taken this quiz since the last reset